LIBRARY ONLINE CATALOGUE

Business in context : (Record no. 11847)

MARC details
000 -LEADER
fixed length control field 00640nam a22002172 4500
001 - CONTROL NUMBER
control field 0000001751
005 - DATE AND TIME OF LATEST TRANSACTION
control field 20151217155201.0
008 - FIXED-LENGTH DATA ELEMENTS--GENERAL INFORMATION
fixed length control field 070326s xx 000 0 eng d
020 ## - INTERNATIONAL STANDARD BOOK NUMBER
International Standard Book Number 1861529929 :
Terms of availability GBP 29.69
040 ## - CATALOGING SOURCE
Original cataloging agency KABU
Transcribing agency KABU
050 #0 - LIBRARY OF CONGRESS CALL NUMBER
Classification number HD31
Item number .N44 2004
100 1# - MAIN ENTRY--PERSONAL NAME
Personal name Needle, David.
-- 0000150755
245 10 - TITLE STATEMENT
Title Business in context :
Remainder of title an introduction to business and its environment.
250 ## - EDITION STATEMENT
Edition statement 4th ed.
260 ## - PUBLICATION, DISTRIBUTION, ETC. (IMPRINT)
Place of publication, distribution, etc. London :
Name of publisher, distributor, etc. Thomson,
Date of publication, distribution, etc. 2004.
300 ## - PHYSICAL DESCRIPTION
Extent xxiii, 646 p.
650 #0 - SUBJECT ADDED ENTRY--TOPICAL TERM
Topical term or geographic name as entry element Industrial management.
-- 0000149957
908 ## - PUT COMMAND PARAMETER (RLIN)
Put command parameter 070326
950 ## - LOCAL HOLDINGS (RLIN)
-- 1
Holdings
Withdrawn status Lost status Source of classification or shelving scheme Not for loan Home library Current library Date acquired Total Checkouts Full call number Barcode Date last seen Price effective from Koha item type
    Library of Congress Classification   Kabarak, Main Campus Kabarak, Main Campus 17/12/2015   HD31 .N44 2004 002295 02/08/2024 17/12/2015 General Collection